000 00317nam a2200121Ia 4500
008 190216s9999||||xx |||||||||||||| ||und||
100 _aThomas J. Enright
245 0 _aRepresentations Of Complex Semi-Simple Lie Groups
250 _a1st Ed.
260 _bNull
_c1981
650 _aMathematical Geography
942 _cBK
999 _c30959
_d30959